| 000 | 00429cam a2200169 a 4500 | ||
|---|---|---|---|
| 020 | _a0070093121 | ||
| 040 | _cDLC | ||
| 082 | 0 | 0 | _a808 HIL 1990 A096 Or. |
| 100 | 1 | _aBuscemi, Santi V. | |
| 245 | 1 | 2 | _aA reader for developing writers / |
| 260 |
_aNew York : _bMcGraw-Hill, _cc1990. |
||
| 300 |
_axxiii, 344 p. ; _c24 cm. |
||
| 650 | 0 | _aCollege readers. | |
| 650 | 0 | _aReport writing | |
| 650 | 0 | _aEnglish language | |
| 942 | _cEK | ||
| 999 |
_c15109 _d15109 |
||